La negociation internationale: principes et methodes

Saved in:
Bibliographic Details
Main Author: Plantey, Alain (Author)
Format: Book
Language:French
Published: París Editions du Centre National de la Recherche Scientifique. 1980
Subjects:
Tags: Add Tag
No Tags, Be the first to tag this record!

MARC

LEADER 00000nam a2200000 a 4500
001 UCY9690
003 CL-VaPUC
008 950720e19800000FR |||||||||||||||||fre|d
082 0 4 |a 327  |b PLA  |2 21 
100 0 |a Plantey, Alain  |e author  |9 342222 
245 1 3 |a La negociation internationale: principes et methodes 
300 |a 657 p 
942 |c BK 
945 |d 19950720 00:00:00  |a rbrito 
260 |a París  |b Editions du Centre National de la Recherche Scientifique.  |c 1980 
650 0 |a Relaciones Exteriores  |9 255379 
650 0 |a Relaciones Internacionales  |9 255740 
650 0 |a Ciencias Políticas  |9 255201 
650 0 |a Política exterior   |9 316628 
650 0 |a Diplomacia  |9 256483 
650 0 |a Derecho internacional  |9 255637 
583 |a last modification  |c 19950720 00:00:00  |k Rodrigo Vera 
999 |c 236738  |d 236736 
952 |0 0  |1 0  |4 0  |6 327_000000000000000_PLA_1980  |7 0  |8 A  |9 245054  |a BIBDER  |b BIBDER  |d 2019-11-18  |i 3108228  |o 327 PLA 1980  |p 3108228  |r 2023-01-25  |w 2019-11-18  |y BK  |k DER